<?xml version="1.0" encoding="UTF-8"?>
<collection xmlns="http://www.loc.gov/MARC21/slim">
<record>
  <controlfield tag="001">124056</controlfield>
  <controlfield tag="005">20241125101130.0</controlfield>
  <datafield tag="024" ind1="7" ind2=" ">
    <subfield code="2">doi</subfield>
    <subfield code="a">10.1016/j.anifeedsci.2022.115517</subfield>
  </datafield>
  <datafield tag="024" ind1="8" ind2=" ">
    <subfield code="2">sideral</subfield>
    <subfield code="a">132570</subfield>
  </datafield>
  <datafield tag="037" ind1=" " ind2=" ">
    <subfield code="a">ART-2023-132570</subfield>
  </datafield>
  <datafield tag="041" ind1=" " ind2=" ">
    <subfield code="a">eng</subfield>
  </datafield>
  <datafield tag="100" ind1=" " ind2=" ">
    <subfield code="a">Belanche, Alejandro</subfield>
    <subfield code="u">Universidad de Zaragoza</subfield>
    <subfield code="0">(orcid)0000-0001-5880-6021</subfield>
  </datafield>
  <datafield tag="245" ind1=" " ind2=" ">
    <subfield code="a">Inclusion of a fish oil processing fraction as additive in diets for weaning piglets</subfield>
  </datafield>
  <datafield tag="260" ind1=" " ind2=" ">
    <subfield code="c">2023</subfield>
  </datafield>
  <datafield tag="506" ind1="0" ind2=" ">
    <subfield code="a">Access copy available to the general public</subfield>
    <subfield code="f">Unrestricted</subfield>
  </datafield>
  <datafield tag="520" ind1="3" ind2=" ">
    <subfield code="a">The weaning process in pig production is commonly associated to low feed intake, slow growth rate and increased morbidity of piglets. This study evaluates a nutritional intervention consisting of supplementing with a fish oil product rich in mono- and diglycerides (FOMG) and containing 0.069 g/g of ω-3, to improve animal health and productive performance during the post-weaning period. In a preliminary experiment (experiment 1), a total of 136 piglets were randomly distributed in two groups (4 pens per group) to evaluate the productive effects of dietary supplementation with FOMG at 15 g/kg (T15) in substitution of lard (T0) as fat source during the post-weaning period in a commercial farm. Besides, in experiment 2 a total of 72 weaned piglets were fed on a control diet (T0) or supplemented with 15 (T15) or 30 g FOMG/kg (T30) in substitution of sunflower oil, with 6 pens of 4 piglets per treatment. In experiment 2 growth and intake were weekly controlled, and blood was sampled on days 14 and 34. At day 35 post-weaning, 6 piglets per treatment were euthanized to study the microbial fermentation and the ileal and caecal bacterial community by 16 S amplicon sequencing. Results indicated that piglets fed T15 diet tended to have a higher growth gain during the post-weaning period in experiment 1 (P = 0.067). This increased growth was partially explained by a greater feed intake (0.14 higher) but also due to improved animal health as showed by the lower proportion of neutrophils (P = 0.006), blood cortisol (P = 0.098) and morbidity (P &lt; 0.05) in experiment 2. Treatment T15 also tended (P = 0.064) to promote a higher volatile fatty acids (VFA) concentration at the ileum, which could be compatible with a higher nutrient absorption and a subsequent lower VFA concentration in the hindgut (P &lt; 0.001). Moreover, FOMG supplementation at T15 exerted modulatory effects on the gut microbiota promoting a shift in the bacterial community structure, lower diversity (Richness index, P &lt; 0.05) and a trend (P = 0.076) for a higher butyrate proportion at the ileum, together with a lower (P &lt; 0.05) and most favourable Firmicutes-to-Bacteroidetes ratio at the caecum. On the contrary, T30 diet promoted less beneficial effects than T15. These findings indicated that supplementation of piglets with FOMG at a level of 15 g/kg represents a suitable strategy to improve pig performance and gut health during the post-weaning period.</subfield>
  </datafield>
  <datafield tag="536" ind1=" " ind2=" ">
    <subfield code="9">info:eu-repo/grantAgreement/ES/MICINN/RYC2019-027764-I/AEI/10.13039/501100011033</subfield>
  </datafield>
  <datafield tag="540" ind1=" " ind2=" ">
    <subfield code="9">info:eu-repo/semantics/openAccess</subfield>
    <subfield code="a">by-nc-nd</subfield>
    <subfield code="u">http://creativecommons.org/licenses/by-nc-nd/3.0/es/</subfield>
  </datafield>
  <datafield tag="590" ind1=" " ind2=" ">
    <subfield code="a">2.5</subfield>
    <subfield code="b">2023</subfield>
  </datafield>
  <datafield tag="591" ind1=" " ind2=" ">
    <subfield code="a">AGRICULTURE, DAIRY &amp; ANIMAL SCIENCE</subfield>
    <subfield code="b">13 / 80 = 0.162</subfield>
    <subfield code="c">2023</subfield>
    <subfield code="d">Q1</subfield>
    <subfield code="e">T1</subfield>
  </datafield>
  <datafield tag="592" ind1=" " ind2=" ">
    <subfield code="a">0.69</subfield>
    <subfield code="b">2023</subfield>
  </datafield>
  <datafield tag="593" ind1=" " ind2=" ">
    <subfield code="a">Animal Science and Zoology</subfield>
    <subfield code="c">2023</subfield>
    <subfield code="d">Q1</subfield>
  </datafield>
  <datafield tag="594" ind1=" " ind2=" ">
    <subfield code="a">6.0</subfield>
    <subfield code="b">2023</subfield>
  </datafield>
  <datafield tag="655" ind1=" " ind2="4">
    <subfield code="a">info:eu-repo/semantics/article</subfield>
    <subfield code="v">info:eu-repo/semantics/publishedVersion</subfield>
  </datafield>
  <datafield tag="700" ind1=" " ind2=" ">
    <subfield code="a">Diago, Sergio</subfield>
  </datafield>
  <datafield tag="700" ind1=" " ind2=" ">
    <subfield code="a">Fondevila, Manuel</subfield>
    <subfield code="u">Universidad de Zaragoza</subfield>
    <subfield code="0">(orcid)0000-0002-0712-1185</subfield>
  </datafield>
  <datafield tag="710" ind1="2" ind2=" ">
    <subfield code="1">2008</subfield>
    <subfield code="2">700</subfield>
    <subfield code="a">Universidad de Zaragoza</subfield>
    <subfield code="b">Dpto. Produc.Animal Cienc.Ali.</subfield>
    <subfield code="c">Área Producción Animal</subfield>
  </datafield>
  <datafield tag="773" ind1=" " ind2=" ">
    <subfield code="g">295 (2023), 115517 [13 pp.]</subfield>
    <subfield code="p">Anim. feed sci. technol.</subfield>
    <subfield code="t">Animal Feed Science and Technology</subfield>
    <subfield code="x">0377-8401</subfield>
  </datafield>
  <datafield tag="856" ind1="4" ind2=" ">
    <subfield code="s">2453088</subfield>
    <subfield code="u">http://zaguan.unizar.es/record/124056/files/texto_completo.pdf</subfield>
    <subfield code="y">Versión publicada</subfield>
  </datafield>
  <datafield tag="856" ind1="4" ind2=" ">
    <subfield code="s">2063328</subfield>
    <subfield code="u">http://zaguan.unizar.es/record/124056/files/texto_completo.jpg?subformat=icon</subfield>
    <subfield code="x">icon</subfield>
    <subfield code="y">Versión publicada</subfield>
  </datafield>
  <datafield tag="909" ind1="C" ind2="O">
    <subfield code="o">oai:zaguan.unizar.es:124056</subfield>
    <subfield code="p">articulos</subfield>
    <subfield code="p">driver</subfield>
  </datafield>
  <datafield tag="951" ind1=" " ind2=" ">
    <subfield code="a">2024-11-22-11:58:50</subfield>
  </datafield>
  <datafield tag="980" ind1=" " ind2=" ">
    <subfield code="a">ARTICLE</subfield>
  </datafield>
</record>
</collection>